01376 a2200205 450000100040000000500170000400800410002100300150006204000400007708000350011724500940015202000220024625000110026826400430027930000180032250506800034004100080102010000260102885601160105426420260407155417.0260407a2010 arg spa dAR-UNSa-BCEJYS aAR-UNSa-BCEJYSbspacAR-UNSa-BCEJYS a657.47xContabilidad de Costos10aEl análisis marginalpla mejor herramienta para tomar decisiones sobre costos y precios a978-987-1577-30-9 a2a. ed 1aBuenos Aires :bOsmar D. Buyattic2010 a398 p.c22 cm a1. Los sistemas de información económica - 2. Los costos y sus principales clasificaciones - 3. El problema de la incertidumbre respecto del comportamiento de los costos - 4. La interpretación de la naturaleza de los hechos económicos - 5. El punto de equilibrio - 6. Los modelos de costeo ante decisiones estructurales y coyunturales - 7. Situaciones de producción multiple - 8. Costos proyectados y costos reales - 9. Análisis sectoriales - 10. Las relaciones de reemplazo - 11. Restricciones de la capacidad de producción - 12. Modificaciones en los valores de los parametros - 13. La gestión de los stocks - 14. Nociones básicas sobre costos financieros aspa1 aYardin, Amaro Ramón41uhttps://biblioeco.unsa.edu.ar/pmb/images/libros/El Analisis Marginal-l117764.jpgyImagen de portadaqimage/jpeg